<?xml version="1.0" encoding="UTF-8"?>
<record
    xmlns:xsi="http://www.w3.org/2001/XMLSchema-instance"
    xsi:schemaLocation="http://www.loc.gov/MARC21/slim http://www.loc.gov/standards/marcxml/schema/MARC21slim.xsd"
    xmlns="http://www.loc.gov/MARC21/slim">

  <leader>01492nam a2200217 a 4500</leader>
  <controlfield tag="001">000042012</controlfield>
  <controlfield tag="005">20201002035902.0</controlfield>
  <controlfield tag="008">131030s2000    sp ab         000 0 spa d</controlfield>
  <datafield tag="020" ind1=" " ind2=" ">
    <subfield code="a">8400078675</subfield>
  </datafield>
  <datafield tag="040" ind1=" " ind2=" ">
    <subfield code="a">DO-SdBNP</subfield>
    <subfield code="b">spa</subfield>
    <subfield code="c">BNPHU</subfield>
  </datafield>
  <datafield tag="082" ind1=" " ind2=" ">
    <subfield code="a">xxx</subfield>
    <subfield code="b">xxx</subfield>
  </datafield>
  <datafield tag="245" ind1="0" ind2="0">
    <subfield code="a">El Septentri&#xF3;n Novohispano :</subfield>
    <subfield code="b">ecohistoria, sociedades e im&#xE1;genes de frontera /</subfield>
    <subfield code="c">Salvador Bernab&#xE9;u Albert (editor).</subfield>
  </datafield>
  <datafield tag="260" ind1=" " ind2=" ">
    <subfield code="a">Madrid :</subfield>
    <subfield code="b">Consejo Superior de Investigaciones Cient&#xED;ficas,</subfield>
    <subfield code="c">2000.</subfield>
  </datafield>
  <datafield tag="300" ind1=" " ind2=" ">
    <subfield code="a">196 p. :</subfield>
    <subfield code="b">il., mapas ;</subfield>
    <subfield code="c">24 cm.</subfield>
  </datafield>
  <datafield tag="490" ind1="1" ind2=" ">
    <subfield code="a">Tierra nueva e cielo nuevo</subfield>
    <subfield code="v">39</subfield>
  </datafield>
  <datafield tag="500" ind1=" " ind2=" ">
    <subfield code="a">Incluye referencias bibliogr&#xE1;ficas y notas al pie de las p&#xE1;ginas.</subfield>
  </datafield>
  <datafield tag="504" ind1=" " ind2=" ">
    <subfield code="a">Bibliograf&#xED;a: p. 192-196</subfield>
  </datafield>
  <datafield tag="505" ind1="2" ind2=" ">
    <subfield code="t">Tres modelos para el an&#xE1;lisis hist&#xF3;rico de las relaciones hombre/espacio en Sudcalifornia (1500-1940)</subfield>
    <subfield code="r">M. Micheline Cari&#xF1;o</subfield>
    <subfield code="t">De la Nueva Galicia al Nuevo M&#xE9;xico : por el Camino Real de tierra adentro</subfield>
    <subfield code="r">Chantal Cramaussel</subfield>
    <subfield code="t">Colonizaci&#xF3;n agr&#xED;cola y colonizaci&#xF3;n minera : la regi&#xF3;n de Chihuahua durante la primera mitad del Siglo XVIII</subfield>
    <subfield code="r">Salvador &#xC1;lvarez</subfield>
    <subfield code="t">Los grupos de poder en la creaci&#xF3;n del Nuevo Santander (1747-1766)</subfield>
    <subfield code="r">Patricia Osante</subfield>
    <subfield code="t">Ross : la colonizaci&#xF3;n rusa frente a la espa&#xF1;ola</subfield>
    <subfield code="r">Martha Ortega</subfield>
    <subfield code="t">El diablo en California : recepci&#xF3;n y decadencia del maligno en el discuro misional jesuita</subfield>
    <subfield code="r">Salvador Bernab&#xE9;u Albert</subfield>
    <subfield code="t">La idea de las Spanish borderlands</subfield>
    <subfield code="r">David J. Weber.</subfield>
  </datafield>
  <datafield tag="700" ind1="1" ind2="2">
    <subfield code="a">Salvador Bernabeu Albert</subfield>
    <subfield code="e">ed.</subfield>
    <subfield code="9">68960</subfield>
  </datafield>
  <datafield tag="830" ind1=" " ind2="0">
    <subfield code="a">Tierra nueva e cielo nuevo</subfield>
    <subfield code="v">39</subfield>
    <subfield code="9">15388</subfield>
  </datafield>
  <datafield tag="952" ind1=" " ind2=" ">
    <subfield code="0">0</subfield>
    <subfield code="1">0</subfield>
    <subfield code="5">0</subfield>
    <subfield code="7">-1</subfield>
    <subfield code="8">MO</subfield>
    <subfield code="a">GR</subfield>
    <subfield code="b">GR</subfield>
    <subfield code="c">OI</subfield>
    <subfield code="d">2013-10-30</subfield>
    <subfield code="i">LF1</subfield>
    <subfield code="l">0</subfield>
    <subfield code="o">xxx xxx</subfield>
    <subfield code="p">42012-10</subfield>
    <subfield code="r">2020-06-25</subfield>
    <subfield code="w">2020-06-25</subfield>
    <subfield code="y">1</subfield>
    <subfield code="Z">No se presta</subfield>
  </datafield>
  <datafield tag="999" ind1=" " ind2=" ">
    <subfield code="c">41501</subfield>
    <subfield code="d">41501</subfield>
  </datafield>
</record>
